Networks and systems (Record no. 4981)

MARC details
000 -LEADER
fixed length control field 00466nam a2200169Ia 4500
003 - CONTROL NUMBER IDENTIFIER
control field SGT
020 ## - INTERNATIONAL STANDARD BOOK NUMBER
International Standard Book Number 9788187522089
082 ## - DEWEY DECIMAL CLASSIFICATION NUMBER
Classification number 4.64
Item number HUS
100 ## - MAIN ENTRY--PERSONAL NAME
Personal name Husain,Ashfaq
245 ## - TITLE STATEMENT
Title Networks and systems
250 ## - EDITION STATEMENT
Edition statement 2nd Ed.
260 ## - PUBLICATION, DISTRIBUTION, ETC. (IMPRINT)
Name of publisher, distributor, etc Khanna Books Publishing Co. Ltd.
Place of publication, distribution, etc N. Delhi
Year of Publication 2008
300 ## - PAGE DESCRIPTION
No. of Pages 1145p.
650 ## - SUBJECT ADDED ENTRY--TOPICAL TERM
Topical term or geographic name as entry element COMPUTER SCIENCE
653 ## - KEYWORDS--INDEX TERM
Keyword term INTRODUCTION,CIRCUIT ELEMENTS,SIGNAL WAVEFORM,KIRCHHOFF'S LAWS AND EQUIVALENT NETWORKS
942 ## - ADDED ENTRY ELEMENTS (KOHA)
Source of classification or shelving scheme Dewey Decimal Classification
Koha item type Books
Holdings
Withdrawn status Lost status Source of classification or shelving scheme Damaged status Not for loan Home library Current library Date acquired SGTU Total Checkouts Full call number Accession No. (Barcode) Date last seen Bill Date Koha item type Date last borrowed
    Dewey Decimal Classification     SGT Engineering Library SGT Engineering Library 28/04/2010 SGTU   4.64 HUS FE2081 09/02/2015 09/02/2015 Books  
    Dewey Decimal Classification     SGT Engineering Library SGT Engineering Library 28/04/2010 SGTU   4.64 HUS FE2082 09/02/2015 09/02/2015 Books  
    Dewey Decimal Classification     SGT Engineering Library SGT Engineering Library 28/04/2010 SGTU   4.64 HUS FE2083 09/02/2015 09/02/2015 Books  
    Dewey Decimal Classification     SGT Engineering Library SGT Engineering Library 06/09/2012 SGTU 1 4.64 HUS FE5540 22/12/2018 09/02/2015 Books 04/09/2018
    Dewey Decimal Classification     SGT Engineering Library SGT Engineering Library 06/09/2012 SGTU   4.64 HUS FE5541 09/02/2015 09/02/2015 Books